| 000 | 00693nam a22002171a 4500 | ||
|---|---|---|---|
| 003 | NEGST | ||
| 005 | 20110718132900.0 | ||
| 008 | 030712s1993 ilu 001 0 eng d | ||
| 020 | _a0226103897 | ||
| 110 | 2 | _aUniversity of Chicago Press. | |
| 245 | 1 | 4 |
_aThe Chicago manual of style _cUniversity of Chicago Press. _h[Text] |
| 250 | _a14th ed. | ||
| 260 |
_aChicago _bUniversity of Chicago Press _c1993 |
||
| 300 | _aix, 921 p. | ||
| 500 | _aIncludes bibliographical references. | ||
| 590 | _aAccession number: 24372 | ||
| 650 | 0 |
_aPrinting, Practical _xU.S. _xStyle manuals. |
|
| 650 | 0 |
_aAuthorship _xHandbooks,manuals, etc. |
|
| 650 | 0 | _aPublishers and publishing. | |
| 999 |
_c39027 _d39027 |
||